Presidenta Michelle Bachelet: discursos escogidos julio-diciembre 2008
Saved in:
| Format: | Bog |
|---|---|
| Sprog: | spansk |
| Udgivet: |
Santiago
Secretaría de Comunicaciones Palacio de la Moneda
2009
|
| Fag: | |
| Tags: |
Tilføj Tag
Ingen Tags, Vær først til at tagge denne postø!
|
MARC
| LEADER | 00000nam a2200000 a 4500 | ||
|---|---|---|---|
| 001 | UCH8600 | ||
| 003 | CL-VaPUC | ||
| 008 | 091203e20090000CL |||||||||||||||||spa|d | ||
| 082 | 0 | 4 | |a 351.003 |b PRE |2 21 |
| 245 | 1 | 0 | |a Presidenta Michelle Bachelet: discursos escogidos julio-diciembre 2008 |
| 300 | |a 411 p | ||
| 942 | |c BK | ||
| 945 | |d 20091203 00:00:00 |a rbrito | ||
| 260 | |a Santiago |b Secretaría de Comunicaciones Palacio de la Moneda |c 2009 | ||
| 600 | 0 | |a Bachelet Jeria, Michelle |9 521059 | |
| 650 | 7 | |a DISCURSOS PRESIDENCIALES 2008 |2 CL-VaPUC |9 545240 | |
| 650 | 0 | |a Política y gobierno |9 255151 | |
| 650 | 0 | |a Discursos políticos |9 373524 | |
| 583 | |a last modification |c 20091203 00:00:00 |k Rodrigo Vera | ||
| 999 | |c 338811 |d 338809 | ||
| 952 | |0 0 |1 0 |4 0 |6 351_003000000000000_PRE_2009 |7 0 |8 A |9 431942 |a BIBDER |b BIBDER |d 2019-11-22 |i 4622367 |o 351.003 PRE 2009 |p 4622367 |r 2023-01-25 |w 2019-11-22 |y BK |k DER | ||
| 952 | |0 0 |1 0 |4 0 |6 351_003000000000000_PRE_2009 |7 0 |8 A |9 431943 |a BIBHIS |b BIBHIS |d 2019-11-22 |i 4622375 |o 351.003 PRE 2009 |p 4622375 |r 2025-01-20 |w 2019-11-22 |y BK |k HIS | ||